Információrendszer optimális üzemeltetése, javítása,A Magyar Telekom Nyrt. TU Reporting folyamatán keresztül szemléltetve

Bibliográfiai részletek
Szerző: Busa Dorina
További közreműködők: Bendes László
Dokumentumtípus: Diplomadolgozat
Kulcsszavak:KPI
BIGx
riport
mutató
Online Access:http://dolgozattar.uni-bge.hu/17365

MARC

LEADER 00000nta a2200000 i 4500
001 dolg17365
005 20180517092604.0
008 180517suuuu hu om 000 hun d
040 |a BGE Dolgozattár Repozitórium  |b hun 
041 |a hu 
100 1 |a Busa Dorina 
245 1 0 |a Információrendszer optimális üzemeltetése, javítása,A Magyar Telekom Nyrt. TU Reporting folyamatán keresztül szemléltetve  |c Busa Dorina  |h [elektronikus dokumentum] 
695 |a KPI 
695 |a BIGx 
695 |a riport 
695 |a mutató 
700 1 |a Bendes László  |e ths 
856 4 0 |u http://dolgozattar.uni-bge.hu/17365/1/Busa_Dorina_Szakdolgozat.pdf  |z Dokumentum-elérés 
856 4 0 |u http://dolgozattar.uni-bge.hu/17365/7/Busa%20Dorina%20titkos%C3%ADt%C3%A1si%20k%C3%A9relem.pdf  |z Dokumentum-elérés